Generic web-based task management tool /
Saved in:
| Main Author: | |
|---|---|
| Format: | Thesis Book |
| Language: | English |
| Published: |
1999.
|
| Tags: |
Add Tag
No Tags, Be the first to tag this record!
|
| LEADER | 00670cam a2200205 a 4500 | ||
|---|---|---|---|
| 001 | u450532 | ||
| 003 | SIRSI | ||
| 008 | 991117s1999 si 00 eng | ||
| 035 | |a ACI-7855 | ||
| 040 | |a UMM | ||
| 090 | |a QA76 |b NUS 1999 Teh | ||
| 100 | 1 | 0 | |a Teh, Hsin Yee. |
| 245 | 1 | 0 | |a Generic web-based task management tool / |c Teh Hsin Yee. |
| 260 | |c 1999. | ||
| 300 | |a vii, 71 leaves : |b ill. ; |c 30 cm. | ||
| 502 | |a Dissertation (M.Sc.) -- National University of Singapore, 1999. | ||
| 504 | |a Bibliography : p. 69-71. | ||
| 948 | |a 27/01/2000 |b 31/10/2002 | ||
| 596 | |a 1 | ||
| 999 | |a QA76 NUS 1999 TEH |w LC |c 1 |i A509450259 |l B_KOM4 |m P01UTAMA |r Y |s Y |t TESIS |u 11/11/2002 |o .PUBLIC. BKOM 4 : 44173 | ||
